[Event "Budapest FS08 IM"]
[Site "Budapest"]
[Date "2020.08.11"]
[Round "9"]
[White "Costa, Leonardo"]
[Black "Panczyk, Krzysztof"]
[Result "1-0"]
[WhiteElo "2231"]
[BlackElo "2297"]
[PlyCount "89"]
[EventDate "2020.08.01"]
[EventType "tourn"]
[EventRounds "9"]
[EventCountry "HUN"]
[EventCategory "1"]
[SourceTitle "EXT 2021"]
[Source "ChessBase"]
[SourceDate "2020.10.23"]
[SourceVersion "1"]
[SourceVersionDate "2020.10.23"]
[SourceQuality "1"]

1. e4 e5 2. Nf3 Nc6 3. d4 exd4 4. Nxd4 Qf6 5. c3 Bc5 6. Be3 Nge7 7. Bc4 0-0 8. 0-0 Ne5 9. Be2 Qg6 10. Nd2 d6 11. Bh5 Qf6 12. f4 N5c6 13. N2b3 Bb6 14. Qd2 Nxd4 15. cxd4 d5 16. e5 Qh4 17. Be2 Bg4 18. f5 Bxe2 19. Qxe2 Nc6 20. Rf4 Qe7 21. f6 Qe6 22. Qf3 g6 23. Rh4 Nxd4 24. Bxd4 Qxe5 25. Rf1 Rfe8 26. Kh1 Bxd4 27. Nxd4 c5 28. Nc2 Qe2 29. Kg1 Qxf3 30. Rxf3 Re2 31. Rf2 Rae8 32. Ra4 a6 33. Ra5 d4 34. Rxe2 Rxe2 35. Rxc5 h6 36. Nxd4 Rxb2 37. Rc8+ Kh7 38. Rc7 g5 39. Rxf7+ Kg6 40. Rf8 Rxa2 41. Ne6 Ra1+ 42. Kf2 Ra5 43. g4 Rd5 44. f7 Rd6 45. Nd8 1-0

[Event "Budapest FS08 IM"]
[Site "Budapest"]
[Date "2020.08.08"]
[Round "7"]
[White "Mostbauer, Florian"]
[Black "Panczyk, Krzysztof"]
[Result "1/2-1/2"]
[WhiteElo "2297"]
[BlackElo "2297"]
[PlyCount "45"]
[EventDate "2020.08.01"]
[EventType "tourn"]
[EventRounds "9"]
[EventCountry "HUN"]
[EventCategory "1"]
[SourceTitle "EXT 2021"]
[Source "ChessBase"]
[SourceDate "2020.10.23"]
[SourceVersion "1"]
[SourceVersionDate "2020.10.23"]
[SourceQuality "1"]

1. c4 e6 2. g3 Nf6 3. Bg2 d5 4. Nf3 dxc4 5. Qa4+ Nbd7 6. Qxc4 c5 7. 0-0 b6 8. d3 Bb7 9. b3 Be7 10. Bb2 0-0 11. Nbd2 Rc8 12. Rad1 a6 13. Qc1 b5 14. Qa1 Re8 15. Rfe1 Bf8 16. Ne5 Bxg2 17. Nxd7 Qxd7 18. Kxg2 Nd5 19. Nf3 Nb4 20. Qb1 Nd5 21. Qa1 Nb4 22. Qb1 Nd5 23. Qa1 1/2-1/2

[Event "Budapest FS08 IM"]
[Site "Budapest"]
[Date "2020.08.05"]
[Round "5"]
[White "Marosi, Levente"]
[Black "Panczyk, Krzysztof"]
[Result "1/2-1/2"]
[WhiteElo "2268"]
[BlackElo "2297"]
[PlyCount "60"]
[EventDate "2020.08.01"]
[EventType "tourn"]
[EventRounds "9"]
[EventCountry "HUN"]
[EventCategory "1"]
[SourceTitle "EXT 2021"]
[Source "ChessBase"]
[SourceDate "2020.10.23"]
[SourceVersion "1"]
[SourceVersionDate "2020.10.23"]
[SourceQuality "1"]

1. e4 e5 2. Nf3 Nc6 3. d4 exd4 4. Nxd4 Bc5 5. Nxc6 Qf6 6. Qf3 Qxf3 7. gxf3 bxc6 8. Rg1 g6 9. Nd2 Bd4 10. Nb3 Bg7 11. c3 d6 12. Be3 c5 13. 0-0-0 Bd7 14. f4 Ne7 15. Bc4 a5 16. f5 a4 17. Nxc5 Bc6 18. Na6 Rc8 19. f3 a3 20. Bg5 axb2+ 21. Kxb2 f6 22. Be3 Bd7 23. Ka1 Nc6 24. f4 Bf8 25. Be6 gxf5 26. Bxd7+ Kxd7 27. exf5 Bh6 28. Nc5+ Ke8 29. Ne6 Ne7 30. Rb1 Nxf5 1/2-1/2

[Event "Budapest FS08 IM"]
[Site "Budapest"]
[Date "2020.08.04"]
[Round "4"]
[White "Panczyk, Krzysztof"]
[Black "Priehoda, Vitezslav"]
[Result "1-0"]
[WhiteElo "2297"]
[BlackElo "2335"]
[PlyCount "109"]
[EventDate "2020.08.01"]
[EventType "tourn"]
[EventRounds "9"]
[EventCountry "HUN"]
[EventCategory "1"]
[SourceTitle "EXT 2021"]
[Source "ChessBase"]
[SourceDate "2020.10.23"]
[SourceVersion "1"]
[SourceVersionDate "2020.10.23"]
[SourceQuality "1"]

1. d4 Nf6 2. c4 e6 3. Nf3 b6 4. g3 Ba6 5. b3 Bb4+ 6. Bd2 Be7 7. Bg2 Bb7 8. Nc3 0-0 9. 0-0 d5 10. cxd5 exd5 11. Rc1 Nbd7 12. Bf4 a6 13. Na4 c5 14. Ne5 Nxe5 15. Bxe5 Nd7 16. Bf4 Rc8 17. Nc3 Nf6 18. dxc5 Rxc5 19. Be3 Rc8 20. Na4 b5 21. Nc5 Ba8 22. b4 a5 23. a3 axb4 24. axb4 Ne4 25. Bh3 Rc7 26. Nxe4 Rxc1 27. Qxc1 dxe4 28. Rd1 Qb8 29. Bc5 Bxc5 30. Qxc5 g6 31. Rd7 Qc8 32. Qe7 Bc6 33. Rc7 Qxh3 34. Rxc6 Qg4 35. Rc2 Ra8 36. Kg2 h5 37. h3 Qe6 38. Qxe6 fxe6 39. Rc5 Kf7 40. Rxb5 Kf6 41. h4 Ra2 42. e3 Rb2 43. Rb8 Rb1 44. b5 Kf7 45. b6 e5 46. b7 Kg7 47. f4 exf3+ 48. Kxf3 Rb4 49. e4 Rb3+ 50. Ke2 Kh7 51. Kd2 Kg7 52. Kc2 Rb6 53. Kc3 Rb1 54. Kc4 Rb2 55. Kd5 1-0

[Event "Budapest FS08 IM"]
[Site "Budapest"]
[Date "2020.08.01"]
[Round "1"]
[White "Panczyk, Krzysztof"]
[Black "Vegh, Endre"]
[Result "1/2-1/2"]
[WhiteElo "2297"]
[BlackElo "2212"]
[PlyCount "32"]
[EventDate "2020.08.01"]
[EventType "tourn"]
[EventRounds "9"]
[EventCountry "HUN"]
[EventCategory "1"]
[SourceTitle "EXT 2021"]
[Source "ChessBase"]
[SourceDate "2020.10.23"]
[SourceVersion "1"]
[SourceVersionDate "2020.10.23"]
[SourceQuality "1"]

1. d4 Nf6 2. c4 e6 3. Nc3 Bb4 4. Qc2 b6 5. e4 c5 6. a3 Bxc3+ 7. bxc3 Bb7 8. Bd3 b5 9. Qb1 cxd4 10. cxd4 bxc4 11. Qxb7 cxd3 12. Qxa8 Qb6 13. Ra2 Qb1 14. Ra1 Qb6 15. Ra2 Qb1 16. Ra1 Qb6 1/2-1/2

[Event "POL-chT 2nd League"]
[Site "Jastrzebia Gora"]
[Date "2019.09.10"]
[Round "4.12"]
[White "Panczyk, Krzysztof"]
[Black "Brozyna, Mateusz"]
[Result "0-1"]
[WhiteElo "2310"]
[BlackElo "2194"]
[PlyCount "126"]
[EventDate "2019.09.07"]
[EventType "team-swiss"]
[EventRounds "9"]
[EventCountry "POL"]
[SourceTitle "EXT 2020"]
[Source "ChessBase"]
[SourceDate "2019.10.17"]
[SourceVersion "1"]
[SourceVersionDate "2019.10.17"]
[SourceQuality "1"]
[WhiteTeam "Siedlce KSz Skoczek"]
[BlackTeam "Myslenice MLKSz"]
[WhiteTeamCountry "POL"]
[BlackTeamCountry "POL"]

1. d4 d5 2. c4 c6 3. Nc3 Nf6 4. e3 e6 5. Nf3 Nbd7 6. Bd3 dxc4 7. Bxc4 b5 8. Bd3 Bb7 9. 0-0 a6 10. a4 b4 11. Ne4 Nxe4 12. Bxe4 Nf6 13. Bd3 c5 14. Qe2 Be7 15. dxc5 Bxc5 16. e4 Nd7 17. Rd1 Qe7 18. e5 h6 19. Be4 Nb6 20. Bxb7 Qxb7 21. Be3 Bxe3 22. Qxe3 0-0 23. Rd4 Nd5 24. Qe4 Rac8 25. Rad1 Qc6 26. h3 Qxa4 27. Qh4 Qc2 28. Re1 Qxb2 29. Rg4 Kh8 30. Ree4 Qc1+ 31. Kh2 f5 32. Rc4 fxg4 33. Rxc1 Rxc1 34. hxg4 b3 35. g5 b2 36. Nd2 b1Q 37. Nxb1 Rxb1 38. gxh6 g6 39. Qe4 Rb4 40. Qxg6 Rg8 41. Qf7 Rh4+ 42. Kg1 Rxh6 43. Qa7 Rhg6 44. g3 Rf8 45. Qxa6 Nf4 46. Qa3 Kg7 47. Kf1 Nh3 48. f4 Ng5 49. Qd3 Nf7 50. Kg2 Nh6 51. Kf3 Rf7 52. Qb3 Nf5 53. Qc4 Nxg3 54. Qc6 Nh5 55. Qd6 Nxf4 56. Ke4 Rg3 57. Qa6 Rg5 58. Qd6 Ng6 59. Kd4 Rxe5 60. Kc3 Re4 61. Qd3 Ref4 62. Qd6 e5 63. Kb3 Re7 0-1

[Event "Olomouc IM2 22nd"]
[Site "Olomouc"]
[Date "2019.08.17"]
[Round "9"]
[White "Levi, Netanel"]
[Black "Panczyk, Krzysztof"]
[Result "1-0"]
[WhiteElo "2143"]
[BlackElo "2344"]
[PlyCount "83"]
[EventDate "2019.08.10"]
[EventType "tourn"]
[EventRounds "9"]
[EventCountry "CZE"]
[SourceTitle "CBM 191 Extra"]
[Source "ChessBase"]
[SourceDate "2019.09.30"]
[SourceVersion "1"]
[SourceVersionDate "2019.09.30"]
[SourceQuality "1"]

1. e4 c5 2. Nf3 Nc6 3. Bb5 g6 4. Bxc6 dxc6 5. d3 Bg7 6. h3 Nf6 7. Nc3 0-0 8. Bf4 Ne8 9. Qd2 Nc7 10. Bh6 Ne6 11. h4 f6 12. Ne2 Nd4 13. Bxg7 Kxg7 14. h5 Nxf3+ 15. gxf3 g5 16. h6+ Kh8 17. f4 Rg8 18. fxg5 Rxg5 19. 0-0-0 Qg8 20. b3 Bg4 21. f4 Rg6 22. Rdf1 Bxe2 23. Qxe2 Rg2 24. Qe3 b6 25. Rfg1 a5 26. a4 Re8 27. Kb2 Qg4 28. Rxg2 Qxg2 29. Rg1 Qh2 30. f5 Rg8 31. Rxg8+ Kxg8 32. d4 cxd4 33. Qxd4 Qxh6 34. Qxb6 Qd2 35. Qxc6 Kg7 36. Qc3 Qg2 37. Qxa5 Qxe4 38. Qc7 h5 39. a5 h4 40. a6 h3 41. Qg3+ Kf7 42. Qxh3 1-0

[Event "Olomouc IM2 22nd"]
[Site "Olomouc"]
[Date "2019.08.13"]
[Round "5"]
[White "Arpita, Mukherjee"]
[Black "Panczyk, Krzysztof"]
[Result "1/2-1/2"]
[WhiteElo "2290"]
[BlackElo "2344"]
[PlyCount "82"]
[EventDate "2019.08.10"]
[EventType "tourn"]
[EventRounds "9"]
[EventCountry "CZE"]
[SourceTitle "CBM 191 Extra"]
[Source "ChessBase"]
[SourceDate "2019.09.30"]
[SourceVersion "1"]
[SourceVersionDate "2019.09.30"]
[SourceQuality "1"]

1. e4 c5 2. Nf3 Nc6 3. d4 cxd4 4. Nxd4 g6 5. c4 Bg7 6. Be3 Nf6 7. Nc3 0-0 8. Be2 b6 9. f3 Bb7 10. Qd2 Qb8 11. 0-0 Rd8 12. Rfd1 d6 13. Nxc6 Bxc6 14. Nd5 Qb7 15. Bh6 Bxd5 16. cxd5 Bxh6 17. Qxh6 b5 18. Qe3 b4 19. Rac1 Rac8 20. b3 a5 21. f4 Rxc1 22. Rxc1 Rc8 23. Rc4 Nd7 24. Qd4 Rxc4 25. Bxc4 f6 26. Kf2 Qc7 27. Ke2 Kf7 28. Kd2 Qb8 29. Qe3 Qh8 30. Kc2 Nc5 31. Qf3 Qg7 32. Qh3 g5 33. fxg5 fxg5 34. e5 Qxe5 35. Qxh7+ Ke8 36. Qg8+ Kd7 37. Qb8 Qe4+ 38. Kd1 Qd4+ 39. Ke2 Qe4+ 40. Kd1 Qd4+ 41. Ke2 Qe4+ 1/2-1/2

[Event "Budapest FS07 IM"]
[Site "Budapest"]
[Date "2019.07.16"]
[Round "9"]
[White "Ongut, Tamas Gunes"]
[Black "Panczyk, Krzysztof"]
[Result "0-1"]
[WhiteElo "2158"]
[BlackElo "2347"]
[PlyCount "206"]
[EventDate "2019.07.06"]
[EventType "tourn"]
[EventRounds "9"]
[EventCountry "HUN"]
[EventCategory "2"]
[SourceTitle "EXT 2020"]
[Source "ChessBase"]
[SourceDate "2019.10.17"]
[SourceVersion "1"]
[SourceVersionDate "2019.10.17"]
[SourceQuality "1"]

1. e4 e5 2. Nf3 Nc6 3. d4 exd4 4. Nxd4 Bb4+ 5. c3 Be7 6. Bc4 Nf6 7. Nf5 0-0 8. 0-0 d6 9. Nxe7+ Qxe7 10. Re1 Ng4 11. h3 Nge5 12. Be2 Qh4 13. Bf1 Bg4 14. Be2 Bxe2 15. Rxe2 Rae8 16. f4 Ng6 17. Qf1 Re7 18. f5 Nge5 19. Bf4 Nd3 20. g3 Qh5 21. g4 Qh4 22. Nd2 Nxf4 23. Qxf4 Qxh3 24. Rh2 Qd3 25. g5 Rfe8 26. Re1 f6 27. Qh4 h6 28. gxh6 gxh6 29. Kh1 Rg7 30. Qxf6 Qg3 31. Qh4 Qxh4 32. Rxh4 Kh7 33. Re2 Ne5 34. Reh2 Nf7 35. Rg2 Rxg2 36. Kxg2 d5 37. Kf2 Re5 38. f6 Ng5 39. exd5 Rxd5 40. Ne4 Rf5+ 41. Kg3 Kg6 42. Nxg5 Kxg5 43. Rd4 Rxf6 44. Rd7 Rc6 45. Rd8 Rd6 46. Rg8+ Kf5 47. Rc8 Rd3+ 48. Kf2 Rd2+ 49. Ke3 Rxb2 50. Rxc7 Kg4 51. Rg7+ Kh4 52. a4 h5 53. a5 a6 54. Rh7 Kg4 55. Rg7+ Kh3 56. c4 h4 57. Kf4 Rb4 58. Kf3 Rxc4 59. Rxb7 Ra4 60. Rb1 Ra3+ 61. Kf4 Rxa5 62. Rb4 Rb5 63. Ra4 a5 64. Ra3+ Kg2 65. Ra2+ Kg1 66. Kg4 Rb4+ 67. Kf3 a4 68. Ra1+ Kh2 69. Ra2+ Kh3 70. Ra1 Rb3+ 71. Kf4 a3 72. Ra2 Rb4+ 73. Kf3 Rb3+ 74. Kf4 Rb4+ 75. Kf3 Rg4 76. Rc2 Rg8 77. Ra2 Rf8+ 78. Ke4 Ra8 79. Kf3 Ra7 80. Kf4 Rf7+ 81. Ke4 Kg4 82. Rg2+ Kh5 83. Ra2 Ra7 84. Kf4 Ra5 85. Ke4 h3 86. Kf3 Kh4 87. Kf4 Ra6 88. Kf3 Ra4 89. Kf2 Kg4 90. Kg1 Kg3 91. Rg2+ Kf3 92. Ra2 Ke3 93. Kh2 Kd3 94. Kxh3 Kc3 95. Kg3 Kb3 96. Rf2 a2 97. Rf3+ Kb4 98. Rf4+ Kb5 99. Rf5+ Kc6 100. Rf6+ Kd7 101. Rf7+ Ke6 102. Rf1 a1Q 103. Rf6+ Qxf6 0-1

[Event "Budapest FS07 IM"]
[Site "Budapest"]
[Date "2019.07.07"]
[Round "2"]
[White "Panczyk, Krzysztof"]
[Black "Lyell, Mark"]
[Result "1-0"]
[WhiteElo "2347"]
[BlackElo "2216"]
[PlyCount "65"]
[EventDate "2019.07.06"]
[EventType "tourn"]
[EventRounds "9"]
[EventCountry "HUN"]
[EventCategory "2"]
[SourceTitle "EXT 2020"]
[Source "ChessBase"]
[SourceDate "2019.10.17"]
[SourceVersion "1"]
[SourceVersionDate "2019.10.17"]
[SourceQuality "1"]

1. d4 d5 2. c4 Nc6 3. cxd5 Qxd5 4. e3 e5 5. Nc3 Bb4 6. Bd2 Bxc3 7. Bxc3 exd4 8. Ne2 Nf6 9. Nxd4 0-0 10. Nb5 Qg5 11. h4 Qh6 12. Qf3 Bg4 13. Qg3 Rad8 14. Bc4 Rfe8 15. 0-0 Re4 16. b3 Nh5 17. Qxc7 Re7 18. Qh2 a6 19. Nd4 Ne5 20. Nf5 Nf3+ 21. gxf3 Bxf5 22. Rad1 Rc8 23. Rd6 Be6 24. Rfd1 Qg6+ 25. Kh1 Qf5 26. Qg2 Bxc4 27. bxc4 Qc2 28. Ba1 Qxc4 29. Qg5 f6 30. Qxh5 g6 31. Qg4 f5 32. Qg5 Qe2 33. Kg2 1-0

[Event "POL-chT 2nd League"]
[Site "Szczyrk"]
[Date "2014.09.13"]
[Round "8.14"]
[White "Nguyen, Piotr"]
[Black "Panczyk, Krzysztof"]
[Result "1/2-1/2"]
[WhiteElo "2325"]
[BlackElo "2341"]
[PlyCount "239"]
[EventDate "2014.09.06"]
[EventType "team-swiss"]
[EventRounds "9"]
[EventCountry "POL"]
[SourceTitle "EXT 2015"]
[Source "ChessBase"]
[SourceDate "2014.11.20"]
[SourceVersion "1"]
[SourceVersionDate "2014.11.20"]
[SourceQuality "1"]
[WhiteTeam "Gostynin Gostmat 83"]
[BlackTeam "Dabrowa Gornicza Zaglebie"]
[WhiteTeamCountry "POL"]
[BlackTeamCountry "POL"]

1. f4 d5 2. Nf3 g6 3. g3 Bg7 4. Bg2 Nf6 5. 0-0 0-0 6. d3 b6 7. Nc3 Bb7 8. e4 dxe4 9. Ng5 Na6 10. Kh1 Nc5 11. d4 Ne6 12. Nxe6 fxe6 13. Re1 c5 14. dxc5 Qxd1 15. Nxd1 bxc5 16. Be3 Rac8 17. Nf2 Nd5 18. c3 Nxe3 19. Rxe3 e5 20. Bxe4 exf4 21. gxf4 Bxe4+ 22. Rxe4 e5 23. Nd3 exf4 24. Nxf4 Rb8 25. b3 Bxc3 26. Rd1 Rb4 27. Rxb4 cxb4 28. Nd3 Re8 29. Nc1 Re5 30. Kg2 Rg5+ 31. Kf3 Rh5 32. Kg2 Rg5+ 33. Kf3 Rh5 34. Kg2 Be5 35. h3 Rg5+ 36. Kf3 Rg3+ 37. Ke4 Bb2 38. Nd3 Bf6 39. Nf4 Bg5 40. Rd7 a5 41. Ne6 Re3+ 42. Kd5 Bf6 43. Ra7 Rd3+ 44. Ke4 Rxh3 45. Rxa5 Rh4+ 46. Kf3 Kf7 47. Nf4 Kg7 48. Nd5 Bb2 49. Ra4 Rd4 50. Ra7+ Kh6 51. Nf6 g5 52. Ng4+ Kg6 53. Ra6+ Kg7 54. Ra7+ Kg6 55. Ra6+ Kf7 56. Ne5+ Kg7 57. Ra7+ Kf6 58. Ng4+ Ke6 59. Rxh7 Rd3+ 60. Ke2 Rg3 61. Rh6+ Kf5 62. Ne3+ Kf4 63. Nd5+ Ke4 64. Nxb4 Rg2+ 65. Kf1 Rd2 66. Rh3 Be5 67. Ke1 Rb2 68. Nd3 Bc3+ 69. Kf1 Rxa2 70. Nf2+ Kd4 71. Rd3+ Kc5 72. Rxc3+ Kb4 73. Rg3 Ra1+ 74. Ke2 Rb1 75. Nd3+ Kxb3 76. Rxg5 Rh1 77. Rc5 Rh2+ 78. Ke3 Rh3+ 79. Ke4 Rh4+ 80. Kd5 Rh5+ 81. Ne5 Kb4 82. Rc8 Kb3 83. Rc7 Kb4 84. Rc4+ Kb3 85. Re4 Kc3 86. Kc5 Rh8 87. Re3+ Kc2 88. Rg3 Rc8+ 89. Kd4 Rd8+ 90. Ke4 Re8 91. Rh3 Kd2 92. Rd3+ Kc2 93. Rd5 Kc3 94. Rc5+ Kb4 95. Rc7 Kb3 96. Kd4 Rd8+ 97. Nd7 Rh8 98. Nc5+ Kc2 99. Ne4+ Kb3 100. Nd2+ Kb2 101. Nc4+ Kc2 102. Ne3+ Kb2 103. Rb7+ Kc1 104. Ra7 Kb2 105. Nc4+ Kb3 106. Rb7+ Ka4 107. Nb2+ Ka5 108. Nc4+ Ka6 109. Rb6+ Ka7 110. Rb1 Rb8 111. Ra1+ Kb7 112. Nd6+ Kc6 113. Ke5 Rh8 114. Rc1+ Kb6 115. Nf5 Rh2 116. Ne3 Rh5+ 117. Nf5 Rh2 118. Ne3 Rh5+ 119. Nf5 Rh2 120. Ne3 1/2-1/2

[Event "Police Gniota Memorial 24th"]
[Site "Police"]
[Date "2009.07.16"]
[Round "9"]
[White "Panczyk, Krzysztof"]
[Black "Shishkin, Vadim"]
[Result "0-1"]
[WhiteElo "2340"]
[BlackElo "2498"]
[PlyCount "116"]
[EventDate "2009.07.08"]
[EventType "swiss"]
[EventRounds "9"]
[EventCountry "POL"]
[SourceTitle "CBM 131 Extra"]
[Source "ChessBase"]
[SourceDate "2009.09.03"]
[SourceVersion "2"]
[SourceVersionDate "2009.09.16"]
[SourceQuality "1"]

1. d4 Nf6 2. c4 g6 3. Nc3 d5 4. Nf3 Bg7 5. e3 0-0 6. b4 c6 7. Bb2 Be6 8. c5 Bg4 9. h3 Bxf3 10. gxf3 Nbd7 11. f4 b6 12. Bd3 bxc5 13. bxc5 Rb8 14. Qc2 Ne8 15. Rb1 Nc7 16. Ba3 Rxb1+ 17. Qxb1 Ne6 18. Ne2 Qc7 19. 0-0 Rb8 20. Qc2 Nd8 21. Rb1 Rxb1+ 22. Qxb1 e6 23. Qb4 Bf6 24. Qa4 Nb8 25. Bb4 Qb7 26. Nc3 Be7 27. Ba5 f6 28. a3 Nf7 29. Qb4 Qc8 30. Qb1 e5 31. Ne2 e4 32. Bc2 Nd7 33. Ng3 Nf8 34. Bd1 f5 35. f3 h5 36. fxe4 fxe4 37. Kh2 Nh6 38. Be2 Bh4 39. Nf1 Nf5 40. Be1 Bf6 41. Qb3 Ne6 42. Ng3 Nxg3 43. Bxg3 Ng7 44. Qa4 Qd7 45. Ba6 Nf5 46. Qb3 Kf7 47. Bf2 Qc7 48. Qb7 Qxb7 49. Bxb7 Ne7 50. a4 Ke6 51. a5 Kd7 52. a6 Nf5 53. Be1 Nxe3 54. Ba5 Nc4 55. Bb6 Nxb6 56. cxb6 Bxd4 57. bxa7 Bxa7 58. Kg2 d4 0-1

[Event "Police Gniota Memorial 24th"]
[Site "Police"]
[Date "2009.07.11"]
[Round "5"]
[White "Tomczak, Jacek"]
[Black "Panczyk, Krzysztof"]
[Result "1-0"]
[WhiteElo "2447"]
[BlackElo "2340"]
[PlyCount "41"]
[EventDate "2009.07.08"]
[EventType "swiss"]
[EventRounds "9"]
[EventCountry "POL"]
[SourceTitle "CBM 131 Extra"]
[Source "ChessBase"]
[SourceDate "2009.09.03"]
[SourceVersion "2"]
[SourceVersionDate "2009.09.16"]
[SourceQuality "1"]

1. e4 e5 2. Nf3 Nc6 3. d4 exd4 4. Nxd4 Bc5 5. Be3 Qf6 6. c3 Nge7 7. Bc4 b6 8. 0-0 Bb7 9. f4 Qg6 10. Qe2 Qxe4 11. Nd2 Qg6 12. f5 Qf6 13. Ne4 Qe5 14. Nxc5 bxc5 15. Nf3 Qf6 16. Bg5 Qxf5 17. Bxe7 Nxe7 18. Rae1 0-0-0 19. Qxe7 f6 20. Rf2 Qh5 21. Bf7 1-0

[Event "Police Gniota Memorial 24th"]
[Site "Police"]
[Date "2009.07.09"]
[Round "2"]
[White "Panczyk, Krzysztof"]
[Black "Kalinitschew, Sergey"]
[Result "0-1"]
[WhiteElo "2340"]
[BlackElo "2482"]
[PlyCount "186"]
[EventDate "2009.07.08"]
[EventType "swiss"]
[EventRounds "9"]
[EventCountry "POL"]
[SourceTitle "CBM 131 Extra"]
[Source "ChessBase"]
[SourceDate "2009.09.03"]
[SourceVersion "2"]
[SourceVersionDate "2009.09.16"]
[SourceQuality "1"]

1. d4 e6 2. c4 f5 3. g3 Nf6 4. Bg2 Bb4+ 5. Nd2 0-0 6. Ngf3 a5 7. 0-0 b6 8. Ne5 Ra7 9. Ndf3 Be7 10. b3 Bb7 11. Bb2 Qe8 12. e3 a4 13. bxa4 Nc6 14. d5 Nxe5 15. Bxe5 d6 16. Bxf6 Bxf6 17. Nd4 Bxd4 18. exd4 exd5 19. cxd5 Qxa4 20. Qc1 Ba6 21. Rd1 Bc4 22. Qe3 Qd7 23. a3 Re8 24. Qc3 Be2 25. Re1 Bh5 26. Rxe8+ Bxe8 27. h4 Bf7 28. Rc1 Kf8 29. Bf3 Qb5 30. Qc2 g6 31. Rb1 Qa5 32. Qc6 Qxa3 33. Kg2 Qd3 34. Rd1 Qb3 35. Re1 Qa4 36. Qc3 Qd7 37. Qe3 Ra8 38. Qh6+ Kg8 39. h5 Re8 40. hxg6 Bxg6 41. Rc1 Qf7 42. Rc3 Re7 43. Ra3 Qf8 44. Qg5 Kg7 45. Rc3 Qf7 46. Rc1 Qf6 47. Qf4 h6 48. Ra1 Qg5 49. Ra7 Qxf4 50. gxf4 Be8 51. Kg3 Kf6 52. Rb7 Bb5 53. Kh4 h5 54. Rb8 Re8 55. Rb7 Rc8 56. Ra7 Bd3 57. Ra3 Be4 58. Re3 Bxf3 59. Rxf3 Re8 60. Rc3 Re4 61. Rxc7 Rxf4+ 62. Kg3 Rxd4 63. Rc6 h4+ 64. Kh3 Ke5 65. Rxb6 Rf4 66. Rb5 Rxf2 67. Kxh4 Rd2 68. Rb8 Rd4+ 69. Kg5 Rg4+ 70. Kh5 Rg1 71. Rf8 f4 72. Kh4 Rf1 73. Kh3 Rg1 74. Kh2 Rg5 75. Rf7 Ke4 76. Rf6 Ke5 77. Rf8 Rf5 78. Re8+ Kxd5 79. Kg2 Re5 80. Rd8 Re3 81. Kf2 Rc3 82. Rf8 f3 83. Rd8 Ke5 84. Re8+ Kd4 85. Rf8 d5 86. Rd8 Rd3 87. Ra8 Kc4 88. Rc8+ Kb3 89. Rc7 d4 90. Rc8 Kb2 91. Rc7 Rc3 92. Rd7 d3 93. Kxf3 Kc1 0-1

[Event "Cappelle op 22nd"]
[Site "Cappelle la Grande"]
[Date "2006.02.20"]
[Round "4"]
[White "Panczyk, Krzysztof"]
[Black "Akesson, Ralf"]
[Result "0-1"]
[WhiteElo "2347"]
[BlackElo "2494"]
[PlyCount "62"]
[EventDate "2006.02.18"]
[EventType "swiss"]
[EventRounds "10"]
[EventCountry "FRA"]
[SourceTitle "CBM 110 Extra"]
[Source "ChessBase"]
[SourceDate "2006.03.10"]
[SourceVersion "2"]
[SourceVersionDate "2006.03.10"]
[SourceQuality "1"]

1. d4 Nf6 2. c4 e6 3. Nc3 Bb4 4. e3 0-0 5. Nge2 d5 6. a3 Be7 7. cxd5 exd5 8. g3 Re8 9. Bg2 Bf8 10. 0-0 a5 11. b3 c6 12. Ra2 h5 13. h3 g6 14. f3 c5 15. Nf4 cxd4 16. exd4 Nc6 17. g4 Bg7 18. Nfe2 hxg4 19. hxg4 b6 20. Bg5 Ba6 21. Rf2 Ra7 22. Qd2 Rae7 23. Qf4 Re6 24. Bf1 Qd7 25. Bh6 Qd6 26. Qd2 Bh8 27. Rh2 Nxg4 28. fxg4 Nxd4 29. Nxd4 Re1 30. Ncb5 Qg3+ 31. Rg2 Bxd4+ 0-1

[Event "Mazowieckie-chT 0405"]
[Site "Poland"]
[Date "2005.01.23"]
[Round "8"]
[White "Moskwinski, Tadeusz"]
[Black "Panczyk, Krzysztof"]
[Result "0-1"]
[WhiteElo "2259"]
[BlackElo "2340"]
[PlyCount "108"]
[EventDate "2004.10.03"]
[EventType "team-tourn"]
[EventRounds "10"]
[EventCountry "POL"]
[SourceTitle "EXT 2019"]
[Source "ChessBase"]
[SourceDate "2018.10.10"]
[SourceVersion "1"]
[SourceVersionDate "2018.10.10"]
[SourceQuality "1"]

1. e4 e5 2. Bc4 Nf6 3. d3 Nc6 4. Nc3 Bb4 5. Nge2 d5 6. exd5 Nxd5 7. 0-0 Nxc3 8. bxc3 Bd6 9. Ng3 0-0 10. a4 Kh8 11. Qh5 f5 12. Bg5 Be7 13. h4 Bd7 14. Bxe7 Qxe7 15. Qg5 Rf6 16. h5 h6 17. Qh4 Re8 18. Rfe1 Qf8 19. Re2 f4 20. Ne4 Rf5 21. Bd5 Be6 22. Bxe6 Rxe6 23. Rb1 b6 24. Rb5 Qf7 25. g4 fxg3 26. Nxg3 Rf4 27. Qh3 Ref6 28. Ne4 R6f5 29. Ng3 Rxf2 30. Nxf5 Rxe2 31. Qg4 Rxc2 32. Rd5 Ne7 33. Rxe5 Nxf5 34. Rxf5 Qe8 35. Qg3 Rxc3 36. Re5 Rc1+ 37. Kh2 Qc6 38. Re4 Qc2+ 39. Qg2 Qxg2+ 40. Kxg2 Rc5 41. Rh4 Kg8 42. Kf3 Kf7 43. Ke3 Kf6 44. d4 Ra5 45. Ke4 Rxa4 46. Rf4+ Kg5 47. Rf5+ Kg4 48. Rf7 c5 49. Rxg7+ Kxh5 50. Kf5 cxd4 51. Rg1 Ra5+ 52. Ke4 Rg5 53. Rh1+ Kg6 54. Ra1 a5 0-1

[Event "POL-chT 2nd League"]
[Site "Polanica Zdroj"]
[Date "2004.09.11"]
[Round "10.73"]
[White "Protaziuk, Grzegorz"]
[Black "Panczyk, Krzysztof"]
[Result "1/2-1/2"]
[WhiteElo "2356"]
[BlackElo "2342"]
[PlyCount "59"]
[EventDate "2004.09.04"]
[EventType "team-swiss"]
[EventRounds "11"]
[EventCountry "POL"]
[SourceTitle "EXT 2019"]
[Source "ChessBase"]
[SourceDate "2018.10.10"]
[SourceVersion "1"]
[SourceVersionDate "2018.10.10"]
[SourceQuality "1"]
[WhiteTeam "Miedzyborow Wrzos"]
[BlackTeam "Milanowek UKS Jedwabnik"]
[WhiteTeamCountry "POL"]
[BlackTeamCountry "POL"]

1. e4 e5 2. Nf3 Nc6 3. d4 exd4 4. Nxd4 Bc5 5. Be3 Qf6 6. c3 Nge7 7. Bc4 b6 8. 0-0 Bb7 9. Nxc6 Qxc6 10. Bxc5 Qxc5 11. Nd2 0-0 12. Qe2 d5 13. Ba6 Bxa6 14. Qxa6 dxe4 15. Nxe4 Qc6 16. Rfe1 Rfe8 17. Rad1 Ng6 18. f3 Re6 19. Nf2 Rae8 20. Re4 f5 21. Rxe6 Qxe6 22. Qb5 c6 23. Qb3 Qxb3 24. axb3 Re2 25. Nd3 Nh4 26. Ne1 Rxb2 27. b4 Ng6 28. Rd8+ Kf7 29. Rd7+ Ne7 30. Rxa7 1/2-1/2

[Event "POL-chT 2nd League"]
[Site "Wysowa"]
[Date "2003.09.14"]
[Round "11"]
[White "Ciesla, Adam"]
[Black "Panczyk, Krzysztof"]
[Result "1-0"]
[WhiteElo "2255"]
[BlackElo "2345"]
[PlyCount "43"]
[EventDate "2003.09.06"]
[EventType "team-swiss"]
[EventRounds "11"]
[EventCountry "POL"]
[SourceTitle "CBM 096 Extra"]
[Source "ChessBase"]
[SourceDate "2003.10.22"]
[SourceVersion "2"]
[SourceVersionDate "2003.10.20"]
[SourceQuality "1"]
[WhiteTeam "Czestochowa Hetman"]
[BlackTeam "Milanowek UKS Jedwabnik"]
[WhiteTeamCountry "POL"]
[BlackTeamCountry "POL"]

1. e4 e5 2. Nf3 Nc6 3. Bc4 Nf6 4. d4 exd4 5. e5 Ng4 6. Qe2 Qe7 7. Bf4 d6 8. exd6 Qxe2+ 9. Bxe2 Bxd6 10. Bxd6 cxd6 11. Na3 Nge5 12. Nb5 d3 13. cxd3 Kd7 14. Kd2 b6 15. Rac1 Ba6 16. Nxe5+ Nxe5 17. Nc7 Bb7 18. Nxa8 Rxa8 19. d4 Nc6 20. Bg4+ Kd8 21. Bf3 Kd7 22. Rc3 1-0